Tilastot visalle OPECin jäsenvaltiot

Klikkaa tästä pelataksesi tätä visaa!

Yleistilastot

  • Tätä visaa on pelattu 284 kertaa
  • Keskiarvotulos 7 / 13

Vastaustilastot

VuodetValtio% Oikein
1960-Saudi-Arabia
96%
1960-Iran
92%
1960-Irak
90%
1960-Kuwait
79%
1967-Yhdistyneet arabiemiirikunnat
74%
1962-Libya
57%
1969-Algeria
54%
1960-Venezuela
49%
1971-Nigeria`
44%
2018-Kongon tasavalta
36%
2007-Angola
29%
1975-1995, 2016-Gabon
21%
2017-Päiväntasaajan Guinea
19%

Tulosjakauma

Persentiili vastausten määrän mukaan

Jokaisen tuloksen saaneiden osuus

Tuloshistoriasi

Et ole pelannut tätä visaa